Sports Quiz

Random Sports or Soccer Quiz

All-Time German Bundesliga Clubs Quiz Stats

 Plays Quiz Updated Jun 4, 2019

Score 0/55 Timer 10:00
5 Plays Today
Total Seasons in Bundesliga Team Name % Correct
54FC Bayern München
97.8%
52Borussia Dortmund
95.4%
55Hamburger SV
88.8%
51FC Schalke 04
86.8%
55SV Werder Bremen
83.4%
3RB Leipzig
83.1%
471. FC Köln
82.5%
40Bayer 04 Leverkusen
82%
36Hertha BSC
81.7%
22VFL Wolfsburg
81.2%
53VfB Stuttgart
80.8%
50Eintracht Frankfurt
79.4%
51Borussia Mönchengladbach
79.4%
30Hannover 96
69.9%
11TSG 1899 Hoffenheim
69.2%
131. FSV Mainz 05
69%
331. FC Nürnberg
67.5%
441. FC Kaiserslautern
65.9%
24Fortuna Düsseldorf
63.5%
20TSV 1860 München
63.1%
19SC Freiburg
62.9%
8FC Augsburg
61.2%
4Dynamo Dresden
59.6%
81. FC St. Pauli
57.9%
34VfL Bochum
51.6%
12Hansa Rostock
50.1%
2FC Ingolstadt 04
49.7%
4SV Darmstadt 98
49.6%
Total Seasons in Bundesliga Team Name % Correct
28MSV Duisburg
47.3%
21Eintracht Braunschweig
45.9%
24Karlsruher SC
45.3%
17Arminia Bielefeld
44.6%
1SC Paderborn 07
44.2%
4Alemannia Aachen
43.3%
7Rot-Weiß Essen
42.6%
6Energie Cottbus
42.3%
1SpVgg Greuther Fürth
39.1%
1VfB Leipzig
36.3%
7Waldhof Mannheim
31.1%
1SSV Ulm 1846
30.1%
2SpVgg Unterhaching
29.1%
51. FC Saarbrücken
29.1%
14KFC Uerdingen 05
27.4%
1Preußen Münster
26.6%
7Kickers Offenbach
25%
2Stuttgarter Kickers
24.6%
1SC Fortuna Köln
23.4%
1SC Tasmania 1900 Berlin
22.7%
2Tennis Borussia Berlin
22.6%
4Rot Weiß Oberhausen
21.4%
3Wuppertaler SV
20%
4SG Wattenscheid 09
19.4%
3FC 08 Homburg
16.8%
1SpVgg Blau-Weiß 1890 Berlin
14.2%
3Borussia Neunkirchen
12.9%

You're not logged in!

Compare scores with friends on all Sporcle quizzes.
OR
Log In

Sporcle TV

Today on Sporcle TV


Watch our educational content, quiz creation guides, and fun videos on Sporcle TV.

Show Comments

Extras

Top Quizzes Today


Score Distribution

Your Account Isn't Verified!

In order to create a playlist on Sporcle, you need to verify the email address you used during registration. Go to your Sporcle Settings to finish the process.

Report this User

Report this user for behavior that violates our Community Guidelines.

Details: